Multiple Choice City Quiz - York - Statistics

General Stats
  • This quiz has been taken 14 times
  • The average score is 7 of 10
Answer Stats
Question Answer % Correct
During the Wars of the Roses, which royal house was opposed to the House of York? Lancaster
100%
York is reputed to be the most… city in England. Haunted in England
92%
Which of these photos shows the city of York?
85%
Which people founded the city under the name Eboracum? Romans
85%
Which saga used a street in York as inspiration for some scenes? Harry Potter
77%
Which massive Gothic cathedral overlooks the city? York Minster
69%
Which river runs through York? Ouse
62%
Which chocolate bar was invented in York in 1935? KitKat
46%
According to an old York law, never repealed, which action is allowed under certain conditions? Kill a Scotsman, but only if he is carrying a bow and arrows
31%
Which Roman emperor died in York in 211 AD? Septimius Severus
15%
No matching quizzes found
Score Distribution
Percent of People with Each Score
Percentile by Number Answered
Your Score History
You have not taken this quiz